Sports Quiz

Random Sports or Football Quiz

College Football Playoff Career Leaders Quiz Stats

 Plays Quiz not verified by Sporcle

Support Sporcle.
Go Orange.
Score 0/45 Timer 10:00
0 Plays Today
% Correct
Deshaun Watson
82.7%
Deshaun Watson
82.7%
Deshaun Watson
82.7%
Cardale Jones
74.8%
Cardale Jones
74.8%
Marcus Mariota
74.5%
Marcus Mariota
74.5%
Cyrus Jones
71.9%
Christion Jones
71.4%
Ezekiel Elliott
68.5%
Ezekiel Elliott
68.5%
Derrick Henry
65.9%
Derrick Henry
65.9%
Jameis Winston
65.4%
Jake Coker
48.6%
Jake Coker
48.6%
Blake Sims
45.7%
Amari Cooper
38.3%
Hunter Renfrow
33.6%
Wayne Gallman
31%
Wayne Gallman
31%
O.J. Howard
26.8%
O.J. Howard
26.8%
% Correct
Calvin Ridley
26.2%
Calvin Ridley
26.2%
Kenyan Drake
21.5%
Royce Freeman
21%
Steve Miller
15%
Artavis Scott
13.6%
Alex Ross
13.4%
Adam Griffith
13.1%
Roberto Aguayo
9.7%
Byron Marshall
9.4%
Jesus Wilson
8.7%
Darren Carrington
7.6%
Darren Carrington
7.6%
Eli Apple
7.6%
Thomas Tyner
6.3%
Thomas Tyner
6.3%
Tyvis Powell
5.8%
Greg Huegel
5%
Ben Boulware
5%
Aidan Schneider
3.1%
Charone Peake
2.9%
Sean Nuernberger
2.9%

You're not logged in!

Compare scores with friends on all Sporcle quizzes.
OR
Log In

From the Vault

Multi-Category Minefield Blitz: 20th Century

by Thebiguglyalien

The 20th century: also known as the time before Billie Eilish existed.
Remove Ads.
Support Sporcle.
Get the best of Sporcle when you Go Orange. This ad-free experience offers more features, more stats, and more fun while also helping to support Sporcle. Thank you for becoming a member.

Show Comments

Extras

Top Quizzes Today


Score Distribution

Your Account Isn't Verified!

In order to create a playlist on Sporcle, you need to verify the email address you used during registration. Go to your Sporcle Settings to finish the process.

Report this User

Report this user for behavior that violates our Community Guidelines.

Details: